| 000 | 00562nam a2200217Ia 4500 | ||
|---|---|---|---|
| 999 |
_c16720 _d16720 |
||
| 003 | OSt | ||
| 005 | 20210904151041.0 | ||
| 008 | 160316s1986 xxu||||| |||| 00| 0 eng d | ||
| 020 | _a9780674518360 | ||
| 040 | _cn | ||
| 082 |
_a340.100000 _bDWO |
||
| 100 | _aDworkin Ronald | ||
| 245 | _aLaw's empire | ||
| 260 |
_aOxford _bHart Publishing _c1986 |
||
| 300 | _a470p | ||
| 365 | _bRs.764.90 | ||
| 505 | _aTable of contents 1. What Is Law; Why It Matters | ||
| 650 | _a1. Law - General2. Legal Theory3. Jurisprudence | ||
| 700 |
_a _a |
||
| 942 |
_2ddc _cBK |
||